All Plants vs. Zombies Plants - Statistics

General Stats
  • This quiz has been taken 67 times
  • The average score is 28 of 49
Answer Stats
Level Plant Sun Cost % Correct
1-2 Sunflower 50
96%
1-1 Peashooter 100
94%
1-4 Wall-nut 50
87%
1-3 Cherry Bomb 150
81%
1-9 Repeater 200
79%
3-1 Lily Pad 25
77%
1-7 Snow Pea 175
77%
1-6 Potato Mine 25
74%
2-9 Doom-shroom 125
72%
2-2 Sun-shroom 25
70%
1-8 Chomper 150
68%
2-8 Ice-shroom 75
66%
3-2 Squash 50
64%
3-9 Tall-nut 125
64%
5-1 Cabbage-pult 100
62%
5-3 Kernel-pult 100
62%
5-9 Melon-pult 300
62%
4-3 Cactus 125
60%
2-4 Grave Buster 75
60%
2-6 Hypno-shroom 75
60%
2-1 Puff-shroom 0
60%
3-3 Threepeater 325
60%
2-3 Fume-shroom 75
57%
3-7 Spikeweed 100
57%
Crazy Dave's Store Gatling Pea 250
55%
3-6 Jalapeno 125
55%
4-9 Magnet-shroom 100
55%
2-7 Scaredy-shroom 25
55%
3-4 Tangle Kelp 25
55%
5-4 Coffee Bean 75
53%
4-2 Plantern 25
53%
Crazy Dave's Store Cattail 225
51%
Crazy Dave's Store Twin Sunflower 150
51%
4-6 Split Pea 125
49%
3-8 Torchwood 175
49%
5-2 Flower Pot 25
47%
4-1 Sea-shroom 0
47%
Crazy Dave's Store Gloom-shroom 150
45%
4-8 Pumpkin 125
45%
5-7 Umbrella Leaf 100
45%
4-4 Blover 100
43%
Crazy Dave's Store Cob Cannon 500
43%
Crazy Dave's Store Winter Melon 200
43%
5-8 Marigold 50
40%
4-7 Starfruit 125
38%
5-6 Garlic 50
34%
Crazy Dave's Store Imitater -
34%
Crazy Dave's Store Spikerock 125
34%
Crazy Dave's Store Gold Magnet 50
30%
No matching quizzes found
Score Distribution
Percent of People with Each Score
Percentile by Number Answered
Your Score History
You have not taken this quiz